Το καταραμένο απόθεμα : με εισαγωγή : η έννοια της δαπάνης
Saved in:
| Main Author: | |
|---|---|
| Other Authors: | |
| Format: | Book |
| Language: | Greek French |
| Published: |
Αθήνα :
Praxis,
1985.
|
| Series: | Φιλοσοφικές έρευνες ;
3 |
| Subjects: | |
| Tags: |
Add Tag
No Tags, Be the first to tag this record!
|
MARC
| LEADER | 00000cam a2200000 i 4500 | ||
|---|---|---|---|
| 001 | 1/100344 | ||
| 008 | 950414s1985 gr | ||| |||| ||gre|| | ||
| 035 | |l 10011662 | ||
| 040 | |a GR-MyUA |b gre |e AACR2 | ||
| 041 | 1 | |a gre |h fre | |
| 082 | 0 | |a 330 | |
| 100 | 1 | |a Bataille, Georges, |d 1897-1962. | |
| 245 | 1 | 3 | |a Το καταραμένο απόθεμα : |b με εισαγωγή : η έννοια της δαπάνης / |c Georges Bataille ; μετάφραση Λένα Λυμπεροπούλου. |
| 260 | |a Αθήνα : |b Praxis, |c 1985. | ||
| 300 | |a 211 σ. | ||
| 490 | 1 | |a (Φιλοσοφικές έρευνες |v ; 3) | |
| 500 | |a Τίτλος πρωτοτύπου: La part maudite. | ||
| 650 | 0 | 0 | |a Economics. |
| 650 | 0 | 0 | |a Economic history. |
| 650 | 0 | 0 | |a Economics |x Moral and ethical aspects. |
| 700 | 1 | |a Λυμπεροπούλου, Λένα, |e trlf | |
| 830 | 0 | |a Φιλοσοφικές έρευνες ; |v 3 | |
| 852 | |a INST |b LESVOS |e 19950414 |h 330 BAT |p 005100001551 |q 005100001551 |t BK |y 0 | ||
| 909 | |a Λ |b 024958 | ||
| 922 | |a 1ΔΩΡ |b 199301 | ||